Normal view
MARC view
- খান, মোঃ মোসলেম উদ্দিন
Entry Personal Name
001 - CONTROL NUMBER
- control field: 5375
003 - CONTROL NUMBER IDENTIFIER
- control field: OSt
005 - DATE AND TIME OF LATEST TRANSACTION
- control field: 20230721010148.0
008 - FIXED-LENGTH DATA ELEMENTS
- fixed length control field: 230721|| aca||aabn | a|a d
040 ## - CATALOGING SOURCE
- Original cataloging agency: OSt
- Transcribing agency: OSt
100 ## - HEADING--PERSONAL NAME
- Personal name: খান, মোঃ মোসলেম উদ্দিন
670 ## - SOURCE DATA FOUND
- Source citation: Work cat.: (OSt): খান, মোঃ মোসলেম উদ্দিন, কোর্ট ফিস্ আইন ও মামলা মূল্যায়ন আইন/ (২০১০ সালের সর্বশেষ সংশোধনীসহ এবং অন্যান্য গুরুপূর্ণ রুলিংস ): , ২০১২
